000 00312nam a2200109Ia 4500
008 200302s9999 xx 000 0 und d
100 _afrancine Houben
245 _aIslam From medina to the Magreb and from the Indies to Istanbul
260 _bRoutledge Taylor & Francis Group
260 _c2008
300 _a668 P.,
999 _c2953
_d2953